LEADER 01128nam a2200265 4500 001 000000358929 003 CaOOAMICUS 005 20240723084801.0 008 240717s2022 it 000 u ita r 020 $a978-88-922272-7-9 040 $aSeMil$bita 100 1 $aCorbella, Carla.$0(OLS)http://semarc/name/66632 245 10$aIdentitā sessuale :$bč possibile un io felice? /$cCarla Corbella. 264 1$aCinisello Balsamo :$bSan Paolo,$c2022. 300 $a125 p. ;$c19 cm 490 1 $aEtica in famiglia ;$v26 650 4$aIdentitā sessuale - Teologia cristiana.$0(OLS)http://semarc/subject/55587 830 0$aEtica in famiglia ;$v26.$0(OLS)http://semarc/title/449331 850 $aSeMil 852 $aSeMil$W1$xVenegono$y1$m2E I 12$j249546$B249993$CSeMilBibl$Z2$F249993 $81 961 $aBrambilla don Paolo - Omaggio 996 $6020$a978-88-922272-7-9$9(OLS)http://semarc/number/300706 996 $6245$aIdentitā sessuale :$bč possibile un io felice?$9(OLS)http://semarc/title/449330 996 $6264$aCinisello Balsamo :$bSan Paolo$9(OLS)http://semarc/publisher/30129 LEADER 00883nam a2200229 i 4500 001 000000255888 003 CaOOAMICUS 005 20171024000000.0 008 171024s2013 it u000 u ita u 013 $a234796 020 $a978-88-01-05214-5 040 $aSeMil$bita 245 10$aDal 1593 al 1610. 300 $a199 p. ;$cill. 490 0 $aSpiritualitā e pedagogia salesiana 773 0 $aGhiglione, Gianni <1946- >$tSan Francesco di Sales, padre, maestro e amico.$dTorino : Elledici, 2013.$g1$w()5041 830 0$aSpiritualitā e pedagogia salesiana.$0(OLS)http://semarc/title/400883 850 $aSeMil 852 $aSeMil$W1$xVenegono$y1$m3H VI 60$j206234$B206234$CSeMilBibl$Z2$F221101 $81 961 $aOmaggio: Delpini mons. Mario 996 $6020$a978-88-01-05214-5$9(OLS)http://semarc/number/279990 996 $6245$aDal 1593 al 1610$9(OLS)http://semarc/title/411942